000 00221nam a2200085Ia 4500
008 201217s9999 xx 000 0 und d
100 _aBurger, W.
245 0 _aRadar Observer's Handbook For Merchant Navy Officers
942 _cBK
999 _c7383
_d7383